| 000 | 00437nam a2200169Ia 4500 | ||
|---|---|---|---|
| 008 | 230718s9999 xx 000 0 und d | ||
| 041 | _aeng | ||
| 082 |
_a005.14 _bKAN |
||
| 100 |
_aKan S.H. _9115992 |
||
| 245 | _aMetrics And Models In Software Quality Engineering | ||
| 250 | _a2nd ed. | ||
| 260 |
_c2006 _bPearson |
||
| 300 | _a528 | ||
| 365 |
_cRs. _b350.00 |
||
| 700 |
_aKan S.H. _9115992 |
||
| 906 |
_d1060700640/18.08.06 _cIT _b60 |
||
| 999 |
_c315286 _d315286 |
||